000 00427nam a22001697a 4500
005 20180621102032.0
008 160601b xxu||||| |||| 00| 0 eng d
020 _a81-259-1203-7
041 _aeng
082 _b6761
_a658
100 _aVrat, Prem & Others
_91671
245 _acase studies in management
260 _aNew Delhi
_bVikas Publishing House (P) Ltd.
300 _a296
650 _aManagement
_9241
942 _cBK
999 _c2355
_d2354